000 00398nam a22001577a 4500
020 _a978-1-84616-493-4
082 _a823
_bMEA/ T
100 _aMEADOWS.DAISY
245 _aTASHA THE TAP DANCE FAIRY
_bRAINBOW MAGIC
246 _aTASHA THE TAP DANCE FAIRY
_bRAINBOW MAGIC
260 _aLONDON
_bOTRCHARD BOOKS
_c2007
300 _a46
520 _aSHORT STORY
650 _aSHORT STORY
942 _cBK
999 _c3062
_d3062